Signal processing and linear systems (Record no. 1319)

000 -LEADER
fixed length control field 00543nam a2200205 a 4500
001 - CONTROL NUMBER
control field 1319
003 - CONTROL NUMBER IDENTIFIER
control field BD-DhUET
008 - FIXED-LENGTH DATA ELEMENTS--GENERAL INFORMATION
fixed length control field 980109s1998 caua b 001 0 eng
020 ## - INTERNATIONAL STANDARD BOOK NUMBER
International Standard Book Number 0941413357
040 ## - CATALOGING SOURCE
Original cataloging agency DLC
Transcribing agency DLC
Modifying agency BD-DhUET
082 00 - DEWEY DECIMAL CLASSIFICATION NUMBER
Classification number 623.22
Item number LAT/1998
100 ## - MAIN ENTRY--PERSONAL NAME
Personal name Lathi B. P.
245 10 - TITLE STATEMENT
Title Signal processing and linear systems
250 ## - EDITION STATEMENT
Edition statement 1st ed
260 ## - PUBLICATION, DISTRIBUTION, ETC. (IMPRINT)
Place of publication, distribution, etc. New York
Name of publisher, distributor, etc. Oxford University Press
Date of publication, distribution, etc. 1998
300 ## - PHYSICAL DESCRIPTION
Extent x, 850 p.
Other physical details ill.
Dimensions 24 cm.
504 ## - BIBLIOGRAPHY, ETC. NOTE
Bibliography, etc Includes bibliographies
650 #0 - SUBJECT ADDED ENTRY--TOPICAL TERM
Topical term or geographic name as entry element Digital signal processing
942 ## - ADDED ENTRY ELEMENTS (KOHA)
Koha item type General Book
Holdings
Date acquired Koha normalized classification for sorting Koha issues (times borrowed) Not for loan Koha item type Koha date last seen Price effective from Withdrawn status Location (home branch) Koha renewals Copy number Lost status Source of classification or shelving scheme Sublocation or collection (holding branch) Koha date last borrowed Shelving location Piece designation (barcode) Koha full call number Damaged status
2014-09-03623_000000000000000_22LAT1998  General Book2019-09-142014-09-03 Central Library, BUET21  Central Library, BUET Circulation section103856623.22/LAT/1998 
2014-09-03623_000000000000000_22LAT1998  General Book2014-09-032014-09-03 Central Library, BUET 2  Central Library, BUET Circulation section103857623.22/LAT/1998 
2014-09-03623_220000000000000_LAT_19981 General Book2017-08-192014-09-03 Central Library, BUET 3  Central Library, BUET2015-06-13Circulation section103859623.22/LAT/1998 
2014-09-03623_000000000000000_22LAT19981 General Book2017-01-082014-09-03 Central Library, BUET 4  Central Library, BUET2015-10-20Circulation section103860623.22/LAT/1998 
2014-09-03623_000000000000000_22LAT19981 General Book2017-04-112014-09-03 Central Library, BUET 5  Central Library, BUET2015-05-25Circulation section103863623.22/LAT/1998 
2014-09-03623_000000000000000_22LAT19981 General Book2017-06-132014-09-03 Central Library, BUET 6  Central Library, BUET2015-05-25Circulation section103864623.22/LAT/1998 
2014-09-03623_000000000000000_22LAT1998  General Book2017-08-202014-09-03 Central Library, BUET 7  Central Library, BUET Circulation section103865623.22/LAT/1998 
2014-11-18623_000000000000000_22LAT1998  General Book2017-10-102014-11-18 Central Library, BUET 8  Central Library, BUET Circulation section103858623.22/LAT/1998 
2014-12-02623_220000000000000_LAT19981 General Book2017-05-312014-12-02 Central Library, BUET 9  Central Library, BUET2017-04-18Circulation section103861623.22 LAT/1998 
2015-06-03623_220000000000000_LAT_1998  General Book2017-02-062015-06-03 Central Library, BUET210  Central Library, BUET Circulation section100035623.22/LAT/1998 
2007-05-28623_220000000000000_LAT_19982 General Book2025-09-172017-10-31 Central Library, BUET 11  Central Library, BUET2025-09-07Circulation section103862623.22/LAT/1998